00551cam a22001933a 450000100060000000300060000600500170001200800410002904000150007004200070008510000190009224500770011126000290018850600300021751600200024770000190026783000290028685600420031541126PGUSA20140828083927.0121021s2012||||xxu|||||s|||||000 | eng d aPGUSAbeng adc1 aCasey, Patrick14aThe Wolf Cub :bA Novel of Spainh[electronic resource] /cPatrick Casey bProject Gutenberg,c2012 aPublic domain in the USA. aElectronic text1 aCasey, Terence 0aProject Gutenbergv4112640uhttp://www.gutenberg.org/ebooks/41126